| 000 | 00632nam a2200205Ia 4500 | ||
|---|---|---|---|
| 003 | GCL | ||
| 008 | 140319s9999 xx 000 0 ara d | ||
| 040 |
_aGCL / _cGCL |
||
| 082 | 0 | 4 |
_aق _b962.069 _bم ف |
| 100 | 1 | _aمرقس سميكة | |
| 245 | 1 | 0 |
_aفهارس المخطوطات القبطية والعربية الموجودة بالمتحف القبطى / _cمرقس سميكة |
| 260 |
_a[S.N] : _bدار الكتب المصرية |
||
| 490 | _a | ||
| 650 | 0 | 4 | _aمصر |
| 650 | 0 | 4 | _aالوثائق |
| 650 | 0 | 4 | _aالمخطوطات |
| 650 | 0 | 4 | _aالمتاحف |
| 650 | 0 | 4 | _aالكتب النادرة |
| 942 |
_2ddc _cBK |
||
| 999 |
_c59045 _d59045 |
||